LDR 00616naa#a2200169#i#450# 001 EN\\bibl\121730 005 20260502095258.6 011 ## _a3034-4689 100 ## _a20260424b2026####ek#y0engy0150####ca 102 ## _aRU 200 1# _aTHE INFLUENCE OF THE STRUCTURE OF 1H-IMIDAZO[4,5-F][1,10]PHENANTHROLINE DERIVATIVES ON THE LUMINESCENCE INTENSITY PARAMETERS OF EUROPIUM(III) COMPLEXES ACCORDING TO QUANTUM-CHEMICAL SIMULATION DATA _eJournal article 210 1# _aKazan _cKazan National Research Technological University _d2026 215 ## _a4 с. 608 ## _aJournal article _2local 700 #1 _a _g 700 #1 _a _g 856 4# _avestniktu.ru _u